| 000 | 00409nam a2200157Ia 4500 | ||
|---|---|---|---|
| 008 | 240729s9999 xx 000 0 und d | ||
| 022 | _a2578-9430 | ||
| 245 | 0 | _amicroPublication Biology | |
| 260 | _aUnited States | ||
| 260 | _bCaltech Library | ||
| 650 | _a Biology (General) | ||
| 650 | _aScience | ||
| 856 | _uhttps://doaj.org/toc/55842fd9b3784bba804e01712979ec10 | ||
| 942 | _2ddc | ||
| 942 | _cDOAJEJ | ||
| 999 |
_c72986 _d72986 |
||
| 945 |
_a1 _bMadushi Gamage _c1 _dMadushi Gamage |
||